000 00683nam a22001575i 4500
001 68503
003 ES-MaACL
007 t|
008 960807s1875 sp ||||1| spa d
040 _aCAM
_bspa
_cCAM
100 1 _aGarí y Siumell, José Antonio.
_955546
245 1 0 _aBiblioteca mercedaria ó sea escritores de la celeste, real y militar órden de la Merced de la redención de cautivos con indicación de sus obras, tanto impresas como manuscritas ... /
_cpor José Antonio Garí y Siumell ... de la misma orden.
260 _aBarcelona :
_b[s.n.],
_c1875 (
_fImp. de los herederos de la viuda Pla)
300 _aVII, [1] en bl., 395 p. ;
_c22 cm.
852 _aES-MaACL
_jG-13155
999 _c68503
_d68503